Giáo trình công nghệ may : (Sách dùng cho các Trường đào tạo hệ Trung học chuyên nghiệp)

Nội dung giáo trình đề cập đến kỹ thuật cơ bản của nghề may như kỹ thuật khâu tay, kỹ thuật may máy cùng các thiết bị, dụng cụ sử dụng trong nghề, cách tính định mức vải cho các loại quần áo. Ngoài ra giáo trình còn hướng dẫn quy trình, kỹ...

Täydet tiedot

Tallennettuna:
Bibliografiset tiedot
Päätekijä: Trần, Thuỷ Bình
Aineistotyyppi: Kirja
Kieli:Undetermined
Julkaistu: Hà Nội Giáo dục 2005
Aiheet:
Tagit: Lisää tagi
Ei tageja, Lisää ensimmäinen tagi!
Thư viện lưu trữ: Trung tâm Học liệu Trường Đại học Cần Thơ
LEADER 01118nam a2200217Ia 4500
001 CTU_131601
008 210402s9999 xx 000 0 und d
020 |c 19000 
082 |a 687.044 
082 |b B312 
100 |a Trần, Thuỷ Bình 
245 0 |a Giáo trình công nghệ may : 
245 0 |b (Sách dùng cho các Trường đào tạo hệ Trung học chuyên nghiệp) 
245 0 |c Trần Thuỷ Bình (Chủ biên) ... [et al.] 
260 |a Hà Nội 
260 |b Giáo dục 
260 |c 2005 
520 |a Nội dung giáo trình đề cập đến kỹ thuật cơ bản của nghề may như kỹ thuật khâu tay, kỹ thuật may máy cùng các thiết bị, dụng cụ sử dụng trong nghề, cách tính định mức vải cho các loại quần áo. Ngoài ra giáo trình còn hướng dẫn quy trình, kỹ thuật may các kiểu quần áo thông dụng. 
650 |a Tailoring,Nghề may 
904 |i Giang, Kiều Nguyên 
980 |a Trung tâm Học liệu Trường Đại học Cần Thơ